| 000 | 05949nam0a2200469 4500 | ||
|---|---|---|---|
| 001 | RU\NLR\BIBL_A\012837364 | ||
| 005 | 20220927173951.0 | ||
| 010 |
_a978-5-9222-1420-9 _9500 |
||
| 021 |
_aRU _bКН-П-22-024211 _9КН-П-22-2069 |
||
| 035 | _a(NLR Aleph) 012837364 | ||
| 035 | _a(RuMoRGB)011045773 | ||
| 090 |
_a12383385 _c12383385 |
||
| 100 | _a20220701d2020 k y0rusy50 ca | ||
| 101 | 0 |
_arus _atat _deng |
|
| 102 | _aRU | ||
| 105 | _aa z 100zy | ||
| 181 | 0 |
_ai3 _baxxe |
|
| 182 | 0 | _an | |
| 200 | 1 |
_aЧеловек и природа в бассейне реки Ик в историческом развитии. Вклад населенных пунктов Азнакаевского района, Юго-Восточного и Восточного Татарстана в развитии экономики и культуры Татарской АССР и татарского народа. "Сила Республики - в селах!" _dThe person and the nature in Ik River Basin. History and modernity. Contribution of the populations of the Aznakay district, South East and Eastern Tatarsan in the development of economy and culture of the Tatar ASSR and tatar people _eматериалы Всероссийской (с международным участием) научно-практической, историко-краеведческой конференции (г. Азнакаево, 19-20 августа 2020 г.) _fРеспублика Татарстан, Администрация и Исполнительный комитет Азнакаевского муниципального района РТ, ...Золотоордынская комплексная историко-археологическая экспедиция, Восточно-Татарстанский отряд [и др.] _zeng _gнаучный редактор и составитель А. А. Бурханов |
|
| 203 |
_aТекст _bвизуальный _cнепосредственный |
||
| 210 |
_aКазань _cОтечество _cАзнакаево _d2020 |
||
| 215 |
_a431 с., [2] л. цв. ил., портр. _cил. _d30 |
||
| 225 | 1 |
_aВосток-Запад: диалог культур и цивилизаций Евразии _dEast - West: the dialogue of cultures and civilizations of Eurasia _iПроблемы древней и средневековой истории и археологии _zeng _vвып. 21 |
|
| 300 | _aЧасть текста татар. | ||
| 300 | _aРез. англ. | ||
| 320 | _aБиблиогр. в конце докл. | ||
| 330 | _aВ данном выпуске серии издаются материалы V-й Всероссийской (с международным участием) научно-практической, историко-краеведческой конференции "Человек и природа в бассейне реки Ик в историческом развитии. Вклад населенных пунктов Азнакаевского района, Юго-Восточного и Восточного Татарстана в развитии экономики и культуры Татарской АССР и татарского народа", проведенной в рамках Года 100-летия образования Татарской АССР (1920-2020 гг.) и 75-летия Победы в Великой Отечественной войне 1941-1945 гг., подведения итогов Года Чатыр-тау в Азнакаевском районе РТ в г. Азнакаево 19-20 августа 2020 года по инициативе руководства Азнакаевского муниципального района РТ и научной и краеведческой общественности Республики Татарстан | ||
| 510 | 1 |
_aThe person and the nature in Ik River Basin. History and modernity. Contribution of the populations of the Aznakay district, South East and Eastern Tatarsan in the development of economy and culture of the Tatar ASSR and tatar people _zeng |
|
| 606 | 1 |
_aТуризм _yВолго-Уральский регион _jСъезды, совещания и т.п _2nlr_sh2 _3RU\NLR\AUTH\6601664513 |
|
| 607 |
_aВолго-Уральский регион _xИстория _jСъезды, совещания и т.п _2nlr_sh2 _3RU\NLR\AUTH\661514008 |
||
| 675 |
_a94(470.41)(082) _v4 |
||
| 686 | 1 | _aТ3(2Р355)я431 | |
| 686 | 1 | _aЧ518.14(2Р355)я431 | |
| 702 | 1 |
_aБурханов _bА. А. _f1956- _gАльберт Ахметжанович _3RU\NLR\AUTH\770191266 _4340 |
|
| 711 | 1 | 2 |
_a"Человек и природа в бассейне реки Ик в историческом развитии. Вклад населенных пунктов Азнакаевского района, Юго-Восточного и Восточного Татарстана в развитии экономики и культуры Татарской АССР и татарского народа", всероссийская (с международным участием) научно-практическая, историко-краеведческая конференция _d5 _f2020 _3RU\NLR\AUTH\880568805 |
| 712 | 0 | 1 |
_aАзнакаевский район _bАдминистрация _cРеспублика Татарстан _3RU\NLR\AUTH\880511339 _4570 |
| 712 | 0 | 2 |
_aЗолотоордынская комплексная историко-археологическая экспедиция _cКазань _bВосточно-Татарстанский отряд _3RU\NLR\AUTH\880511337 _4570 |
| 942 | _cBOOK | ||
| 980 | _aNB | ||